[Event "Neckar op-A 19th"]
[White "Piorun, Kacper"]
[Black "Tuncer, Ufuk"]
[Site "Deizisau"]
[Round "3"]
[Result "1-0"]
[Date "2015.04.03"]
[WhiteElo "2528"]
[BlackElo "2332"]
[PlyCount "76"]
[EventDate "2015.04.02"]
[EventType "swiss"]
[EventRounds "9"]
[EventCountry "GER"]
[SourceTitle "CBM 165 Extra"]
[Source "ChessBase"]
[SourceDate "2015.04.21"]
[SourceVersion "1"]
[SourceVersionDate "2015.04.21"]
[SourceQuality "1"]

1. g3 g6 2. Bg2 Bg7 3. f4 d6 4. Nc3 c5 5. Nf3 Nc6 6. d3 e5 7. e4 Nge7 8. 0-0 0-0 9. Nh4 Nd4 10. fxe5 dxe5 11. Be3 Be6 12. Qd2 c4 13. dxc4 Bxc4 14. Rf2 Rc8 15. Rc1 b5 16. b3 b4 17. bxc4 bxc3 18. Qxc3 Nec6 19. Bh3 Rb8 20. Rcf1 Qe7 21. a3 Qc5 22. Qd3 Na5 23. Bd2 Nac6 24. c3 Nb3 25. Be3 Qxa3 26. c5 Rbd8 27. Qe2 Nba5 28. Bg5 Rb8 29. Nf5 Qxc5 30. Nxg7 Kxg7 31. Bf6+ Kg8 32. Qd2 Rfd8 33. Bxd8 Rxd8 34. Qa2 Nc4 35. Kh1 N6a5 36. Rxf7 Rd2 37. Be6 Rxa2 38. Re7+ Kh8 1-0

[Event "Bundesliga 1415"]
[White "Tuncer, Ufuk"]
[Black "Mons, Leon"]
[Site "Germany"]
[Round "11.7"]
[Result "1/2-1/2"]
[Date "2015.02.22"]
[WhiteElo "2322"]
[BlackElo "2442"]
[PlyCount "48"]
[EventDate "2014.10.18"]
[EventType "team-tourn"]
[EventRounds "15"]
[EventCountry "GER"]
[SourceTitle "CBM 165"]
[Source "ChessBase"]
[SourceDate "2015.03.11"]
[SourceVersion "1"]
[SourceVersionDate "2015.03.11"]
[SourceQuality "1"]
[WhiteTeam "Dortmund Hansa"]
[BlackTeam "Eppingen"]
[WhiteTeamCountry "GER"]
[BlackTeamCountry "GER"]

1. e4 e5 2. Nf3 Nc6 3. g3 Bc5 4. Bg2 d6 5. 0-0 Nf6 6. d3 0-0 7. c3 a6 8. a4 h6 9. Na3 Re8 10. Nc2 Ba7 11. Be3 Bxe3 12. Nxe3 d5 13. Nxd5 Nxd5 14. exd5 Qxd5 15. Re1 Qd6 16. d4 Bg4 17. d5 Nb8 18. Qb3 Nd7 19. Nd2 Rab8 20. a5 Bf5 21. Nc4 Qc5 22. Ne3 Bg6 23. Qa3 e4 24. Qxc5 Nxc5 1/2-1/2

[Event "AUT-chT2O 1415"]
[White "Tuncer, Ufuk"]
[Black "Kummer, Helmut"]
[Site "Austria"]
[Round "6.6"]
[Result "1-0"]
[Date "2015.01.24"]
[WhiteElo "2322"]
[BlackElo "2354"]
[PlyCount "151"]
[EventDate "2014.10.18"]
[EventType "team-tourn"]
[EventRounds "11"]
[EventCountry "AUT"]
[SourceTitle "EXT 2016"]
[Source "ChessBase"]
[SourceDate "2015.10.08"]
[SourceVersion "1"]
[SourceVersionDate "2015.10.08"]
[SourceQuality "1"]
[WhiteTeam "Baden Invest"]
[BlackTeam "Donaustadt"]
[WhiteTeamCountry "AUT"]
[BlackTeamCountry "AUT"]

1. e4 e5 2. Nf3 Nf6 3. Nxe5 d6 4. Nf3 Nxe4 5. Nc3 Nxc3 6. dxc3 Be7 7. Be3 Nd7 8. Qd2 0-0 9. 0-0-0 Nc5 10. Kb1 Be6 11. Nd4 Qd7 12. Be2 a6 13. Nxe6 Qxe6 14. Bf3 Bf6 15. Rhe1 Qc4 16. Bd4 Bxd4 17. cxd4 Ne6 18. Bxb7 Rab8 19. Be4 Rfe8 20. c3 Qb5 21. Bd3 Qd5 22. f4 Nf8 23. g3 a5 24. Rxe8 Rxe8 25. Re1 Rb8 26. Qe2 Qc6 27. Ka1 d5 28. Bf5 Qb6 29. Qf2 Qf6 30. Re5 g6 31. Bh3 a4 32. a3 Qb6 33. Qc2 c6 34. Re2 Qb5 35. f5 Qa6 36. Qd1 Qa5 37. Qd2 Qd8 38. Qd1 Rb3 39. Qd2 Nd7 40. fxg6 hxg6 41. Bxd7 Qxd7 42. Qf4 Rb7 43. g4 Kg7 44. h4 Qc7 45. Qf3 Qd6 46. Qe3 Rb8 47. h5 Rh8 48. hxg6 Qxg6 49. Qe5+ Kg8 50. Re1 Rh4 51. g5 Rh5 52. Rg1 Kh7 53. Qe7 Kg7 54. Ka2 Rh4 55. Rf1 Re4 56. Qd8 Rh4 57. Rf2 Rh1 58. Qf6+ Qxf6 59. gxf6+ Kf8 60. b3 axb3+ 61. Kxb3 Rb1+ 62. Kc2 Rb5 63. a4 Ra5 64. Kb3 c5 65. Rf5 cxd4 66. cxd4 Ra6 67. Kb4 Ke8 68. Re5+ Kd7 69. Rxd5+ Ke6 70. Rh5 Rb6+ 71. Rb5 Rd6 72. Kc5 Rd5+ 73. Kc4 Rd6 74. a5 Rc6+ 75. Kb4 Rc1 76. a6 1-0

[Event "Staufer op-A 27th"]
[White "Hahn, Markus"]
[Black "Tuncer, Ufuk"]
[Site "Schwaebisch Gmuend"]
[Round "5"]
[Result "0-1"]
[Date "2015.01.04"]
[WhiteElo "2223"]
[BlackElo "2318"]
[PlyCount "72"]
[EventDate "2015.01.02"]
[EventType "swiss"]
[EventRounds "9"]
[EventCountry "GER"]
[SourceTitle "CBM 164 Extra"]
[Source "ChessBase"]
[SourceDate "2015.03.02"]
[SourceVersion "1"]
[SourceVersionDate "2015.03.02"]
[SourceQuality "1"]

1. d4 Nf6 2. c4 g6 3. Nc3 Bg7 4. e4 d6 5. h3 0-0 6. Nf3 e5 7. d5 a5 8. Bg5 Na6 9. Be2 h6 10. Be3 Nh5 11. Nd2 Nf4 12. Bf1 Nb4 13. Nb3 a4 14. a3 Nbd3+ 15. Bxd3 Nxg2+ 16. Kd2 axb3 17. Qxb3 Nxe3 18. fxe3 c5 19. Rag1 Bd7 20. Qd1 Qa5 21. h4 Rab8 22. Kc1 b5 23. cxb5 c4 24. Bf1 Bxb5 25. h5 g5 26. Bh3 Qa7 27. Qf3 Bd7 28. Bxd7 Qxd7 29. Rh2 f5 30. exf5 e4 31. Qxe4 Rfe8 32. Qg4 Bxc3 33. bxc3 Qa7 34. Qd4 Qxa3+ 35. Kd1 Qa1+ 36. Ke2 Qxg1 0-1

[Event "Staufer op-A 27th"]
[White "Tuncer, Ufuk"]
[Black "Lampert, Jonas"]
[Site "Schwaebisch Gmuend"]
[Round "6"]
[Result "0-1"]
[Date "2015.01.04"]
[WhiteElo "2318"]
[BlackElo "2441"]
[PlyCount "64"]
[EventDate "2015.01.02"]
[EventType "swiss"]
[EventRounds "9"]
[EventCountry "GER"]
[SourceTitle "CBM 164 Extra"]
[Source "ChessBase"]
[SourceDate "2015.03.02"]
[SourceVersion "1"]
[SourceVersionDate "2015.03.02"]
[SourceQuality "1"]

1. e4 e5 2. Nf3 Nc6 3. Bc4 Nf6 4. Ng5 d5 5. exd5 Na5 6. Bb5+ c6 7. dxc6 bxc6 8. Bd3 Nd5 9. h4 Bc5 10. Qf3 f5 11. Bxf5 0-0 12. Bxh7+ Kh8 13. Nf7+ Rxf7 14. Qxf7 Nf4 15. Qg8+ Qxg8 16. Bxg8 Kxg8 17. Rh2 Ne6 18. b4 Bxb4 19. Ba3 c5 20. c3 Bxa3 21. Nxa3 Ba6 22. g3 e4 23. Rh1 Bd3 24. Kd1 Rf8 25. Rh2 Nc6 26. Nc2 Ne5 27. Ne3 Nf3 28. Rh1 a5 29. a4 c4 30. h5 Rb8 31. h6 gxh6 32. Rh5 Rb2 0-1

[Event "Staufer op-A 27th"]
[White "Busch, Michael"]
[Black "Tuncer, Ufuk"]
[Site "Schwaebisch Gmuend"]
[Round "3"]
[Result "0-1"]
[Date "2015.01.03"]
[WhiteElo "1887"]
[BlackElo "2318"]
[PlyCount "108"]
[EventDate "2015.01.02"]
[EventType "swiss"]
[EventRounds "9"]
[EventCountry "GER"]
[SourceTitle "CBM 164 Extra"]
[Source "ChessBase"]
[SourceDate "2015.03.02"]
[SourceVersion "1"]
[SourceVersionDate "2015.03.02"]
[SourceQuality "1"]

1. c4 Nf6 2. g3 g6 3. Bg2 Bg7 4. Nc3 0-0 5. e4 d6 6. Nge2 c5 7. 0-0 Nc6 8. d3 Bd7 9. h3 a6 10. Be3 Rb8 11. d4 cxd4 12. Nxd4 Qc8 13. Kh2 Nxd4 14. Bxd4 Qxc4 15. Bxf6 Bxf6 16. Nd5 Rfd8 17. Nxf6+ exf6 18. b3 Qe6 19. Qd2 Bc6 20. Rad1 Rbc8 21. Rfe1 f5 22. Qf4 Qe5 23. Qxe5 dxe5 24. exf5 Rxd1 25. Rxd1 gxf5 26. Bxc6 Rxc6 27. Rd2 Kf8 28. Kg2 Ke7 29. Kf3 Rd6 30. Rc2 Kd7 31. Re2 Rd3+ 32. Kg2 f6 33. Rc2 Rd4 34. Kf3 h5 35. Rc3 b5 36. Ke2 f4 37. g4 hxg4 38. hxg4 Kd6 39. Rc8 a5 40. Rf8 Ke7 41. Rb8 Rb4 42. Rb7+ Ke6 43. Rb6+ Kf7 44. Kf3 Kg6 45. Rb8 a4 46. bxa4 Rxa4 47. Rxb5 Kg5 48. Rb2 Ra3+ 49. Kg2 Kxg4 50. Rc2 e4 51. Rb2 f5 52. Rc2 f3+ 53. Kh2 f4 54. Rc4 e3 0-1

[Event "Staufer op-A 27th"]
[White "Tuncer, Ufuk"]
[Black "Shishkin, Vadim"]
[Site "Schwaebisch Gmuend"]
[Round "4"]
[Result "0-1"]
[Date "2015.01.03"]
[WhiteElo "2318"]
[BlackElo "2482"]
[PlyCount "52"]
[EventDate "2015.01.02"]
[EventType "swiss"]
[EventRounds "9"]
[EventCountry "GER"]
[SourceTitle "CBM 164 Extra"]
[Source "ChessBase"]
[SourceDate "2015.03.02"]
[SourceVersion "1"]
[SourceVersionDate "2015.03.02"]
[SourceQuality "1"]

1. Nf3 Nf6 2. c4 g6 3. Nc3 Bg7 4. e4 0-0 5. d4 c6 6. Bd3 d6 7. h3 a6 8. 0-0 b5 9. Qe2 Nfd7 10. Rd1 b4 11. Na4 c5 12. dxc5 Nxc5 13. Nxc5 dxc5 14. e5 Qb6 15. a3 Nc6 16. Be4 Ra7 17. Bxc6 Qxc6 18. Be3 Rc7 19. axb4 cxb4 20. b3 Bb7 21. Ra5 Rd7 22. Rc5 Rfd8 23. Rdd5 Rxd5 24. Rxd5 Qd7 25. e6 fxe6 26. Bf4 Bxd5 0-1

[Event "Staufer op-A 27th"]
[White "Tuncer, Ufuk"]
[Black "Mueller, Philipp1"]
[Site "Schwaebisch Gmuend"]
[Round "2"]
[Result "1-0"]
[Date "2015.01.02"]
[WhiteElo "2318"]
[BlackElo "2093"]
[PlyCount "89"]
[EventDate "2015.01.02"]
[EventType "swiss"]
[EventRounds "9"]
[EventCountry "GER"]
[SourceTitle "CBM 164 Extra"]
[Source "ChessBase"]
[SourceDate "2015.03.02"]
[SourceVersion "1"]
[SourceVersionDate "2015.03.02"]
[SourceQuality "1"]

1. e4 Nc6 2. Nc3 e5 3. Bc4 Nf6 4. d3 Bc5 5. Be3 Bxe3 6. fxe3 Na5 7. Bb3 Nxb3 8. axb3 d6 9. Qf3 0-0 10. h3 Be6 11. Nge2 d5 12. exd5 Nxd5 13. Nxd5 Qxd5 14. Qxd5 Bxd5 15. e4 Be6 16. 0-0 a5 17. Nc3 Ra6 18. Ra3 Rfa8 19. Nb5 Rc6 20. c4 Raa6 21. Rfa1 Kf8 22. Rxa5 Bd7 23. Rxa6 bxa6 24. Nc3 Rb6 25. Ra3 a5 26. Nd5 Rb7 27. Nc3 f6 28. Kf2 Kf7 29. Ke3 Kg6 30. d4 exd4+ 31. Kxd4 Kg5 32. Ke3 Kh4 33. Kf4 g5+ 34. Kf3 c5 35. Nd5 Bc6 36. Ne3 Kh5 37. Rxa5 Rxb3 38. Rxc5 Be8 39. Rc8 Bf7 40. Rc7 Kg6 41. c5 Be6 42. Re7 Bc8 43. c6 Rxb2 44. Re8 Rb8 45. c7 1-0

[Event "AUT-chT2O 1415"]
[White "Tuncer, Ufuk"]
[Black "Videki, Sandor"]
[Site "Austria"]
[Round "5.1"]
[Result "0-1"]
[Date "2014.12.06"]
[WhiteElo "2322"]
[BlackElo "2380"]
[PlyCount "78"]
[EventDate "2014.10.18"]
[EventType "team-tourn"]
[EventRounds "11"]
[EventCountry "AUT"]
[SourceTitle "EXT 2016"]
[Source "ChessBase"]
[SourceDate "2015.10.08"]
[SourceVersion "1"]
[SourceVersionDate "2015.10.08"]
[SourceQuality "1"]
[WhiteTeam "Baden Invest"]
[BlackTeam "Pressbaum"]
[WhiteTeamCountry "AUT"]
[BlackTeamCountry "AUT"]

1. e4 Nf6 2. e5 Nd5 3. d4 d6 4. c4 Nb6 5. exd6 exd6 6. Nc3 Be7 7. h3 0-0 8. Nf3 Bf6 9. Be2 Be6 10. d5 Bxc3+ 11. bxc3 Bd7 12. Bg5 Qc8 13. 0-0 Na6 14. a4 Nc5 15. a5 Nba4 16. Ra3 b6 17. Be3 bxa5 18. Nd4 Qe8 19. Re1 Qe7 20. Nb5 a6 21. Nd4 Rfe8 22. Nc6 Bxc6 23. dxc6 Nb6 24. Rxa5 Qe4 25. Ra1 a5 26. Bxc5 dxc5 27. Qd2 a4 28. Bf1 Qxc6 29. Reb1 Rad8 30. Qa2 Re5 31. Rd1 Rde8 32. g3 Qf6 33. Qd2 h5 34. h4 g6 35. Qh6 Re4 36. Qd2 Kg7 37. Bd3 Nxc4 38. Qc2 Qf3 39. Bf1 Re2 0-1

[Event "AUT-chT2O 1415"]
[White "Tuncer, Ufuk"]
[Black "Hangweyrer, Manfred"]
[Site "Austria"]
[Round "4.6"]
[Result "1/2-1/2"]
[Date "2014.11.16"]
[WhiteElo "2322"]
[BlackElo "2362"]
[PlyCount "59"]
[EventDate "2014.10.18"]
[EventType "team-tourn"]
[EventRounds "11"]
[EventCountry "AUT"]
[SourceTitle "CBM 163 Extra"]
[Source "ChessBase"]
[SourceDate "2014.12.23"]
[SourceVersion "1"]
[SourceVersionDate "2014.12.23"]
[SourceQuality "1"]
[WhiteTeam "Baden Invest"]
[BlackTeam "Austria"]
[WhiteTeamCountry "AUT"]
[BlackTeamCountry "AUT"]

1. Nf3 Nf6 2. d4 d5 3. Bf4 c6 4. e3 Bf5 5. c4 e6 6. Nc3 Nbd7 7. Qb3 Qb6 8. c5 Qxb3 9. axb3 a6 10. b4 Rc8 11. h3 Be7 12. Nd2 Bd8 13. f3 Bc7 14. Bxc7 Rxc7 15. b5 0-0 16. b6 Rcc8 17. Nb3 Rb8 18. Na5 e5 19. Kf2 exd4 20. exd4 Rfe8 21. g4 Be6 22. Bxa6 bxa6 23. Nxc6 Rbc8 24. Nb4 Nxc5 25. dxc5 Rxc5 26. Nxa6 Rc6 27. g5 Nd7 28. Nc7 Rb8 29. N3xd5 Kf8 30. Rhd1 1/2-1/2

[Event "NRW Class1 1415"]
[White "Tuncer, Ufuk"]
[Black "Mueschenich, Stefan"]
[Site "Germany"]
[Round "2.2"]
[Result "1-0"]
[Date "2014.10.05"]
[WhiteElo "2333"]
[BlackElo "2082"]
[PlyCount "49"]
[EventDate "2014.09.14"]
[EventType "team-tourn"]
[EventRounds "9"]
[EventCountry "GER"]
[SourceTitle "EXT 2017"]
[Source "ChessBase"]
[SourceDate "2016.10.25"]
[SourceVersion "1"]
[SourceVersionDate "2016.10.25"]
[SourceQuality "1"]
[WhiteTeam "Dortmund Hansa II"]
[BlackTeam "Muenster II"]
[WhiteTeamCountry "GER"]
[BlackTeamCountry "GER"]

1. e4 Nf6 2. e5 Nd5 3. d4 d6 4. c4 Nb6 5. exd6 exd6 6. Nc3 Nc6 7. h3 Bf5 8. Be3 Be7 9. Nf3 Bf6 10. b3 h6 11. Be2 Qd7 12. Qd2 d5 13. c5 Nc8 14. Nh2 N8e7 15. Ng4 Qe6 16. 0-0-0 0-0-0 17. Rhe1 h5 18. Nxf6 Qxf6 19. Bg5 Qg6 20. g4 hxg4 21. hxg4 f6 22. Bf4 Be6 23. f3 Qf7 24. Nb5 Rd7 25. Bxc7 1-0

[Event "TUR-chT"]
[White "Sengul, Cengiz"]
[Black "Tuncer, Ufuk"]
[Site "Kocaeli"]
[Round "11.1"]
[Result "1-0"]
[Date "2014.08.27"]
[WhiteElo "2201"]
[BlackElo "2341"]
[PlyCount "105"]
[EventDate "2014.08.18"]
[EventType "team-tourn"]
[EventRounds "13"]
[EventCountry "TUR"]
[SourceTitle "CBM 162 Extra"]
[Source "ChessBase"]
[SourceDate "2014.10.17"]
[SourceVersion "1"]
[SourceVersionDate "2014.10.17"]
[SourceQuality "1"]
[WhiteTeam "Mersin Ezgi"]
[BlackTeam "Ankara Demirspor"]
[WhiteTeamCountry "TUR"]
[BlackTeamCountry "TUR"]

1. d4 g6 2. c4 Bg7 3. Nc3 d6 4. e4 Nd7 5. Nf3 e5 6. Bg5 Ne7 7. dxe5 dxe5 8. Qc2 c6 9. 0-0-0 Qc7 10. Qd2 h6 11. Be3 b6 12. h4 Bb7 13. g3 Nf8 14. Bh3 Bc8 15. Bxc8 Rxc8 16. h5 g5 17. c5 Ne6 18. cxb6 axb6 19. Kb1 0-0 20. Qd7 b5 21. Rd6 Rfe8 22. Rhd1 b4 23. Na4 Qa5 24. b3 Rcd8 25. Qa7 Qxa7 26. Bxa7 Rxd6 27. Rxd6 Nc8 28. Rd7 Nxa7 29. Rxa7 Rd8 30. Nb2 g4 31. Nh2 Nc5 32. Nxg4 Nxe4 33. Nc4 Nc3+ 34. Kc2 Nb5 35. Ra6 f6 36. Nge3 Nd4+ 37. Kc1 Ne2+ 38. Kc2 Nd4+ 39. Kb1 f5 40. Ra5 f4 41. gxf4 exf4 42. Nf5 Re8 43. Nxd4 Bxd4 44. Rf5 Bxf2 45. Rxf4 Rf8 46. Rxf8+ Kxf8 47. Ne5 c5 48. Ng4 Bd4 49. Nxh6 Ke8 50. Kc2 Kd7 51. Kd3 Ke6 52. Ke4 Kf6 53. Nf5 1-0